[Event "Helsinki"]
[Site "Helsinki FIN"]
[Date "1990.??.??"]
[Round "10"]
[White "Pein, Malcolm"]
[Black "Rantanen, Yrjo A"]
[Result "1/2-1/2"]
[WhiteElo "2420"]
[BlackElo "2405"]
[PlyCount "42"]
[EventDate "1990.04.??"]
[Source "www.chesslib.no"]
[SourceDate "2004.05.04"]

1. d4 Nf6 2. c4 e6 3. Nc3 Bb4 4. e3 O-O 5. Bd3 Re8 6. Nf3 Nc6 7. O-O e5 8. dxe5 Bxc3 9. bxc3 Nxe5 10. Nxe5 Rxe5 11. f3 d6 12. e4 Qe8 13. Be3 Ra5 14. Qe1 Nd7 15. Qg3 Ne5 16. Be2 f6 17. f4 Ng6 18. Bd3 f5 19. c5 fxe4 20. Bc4+ Kh8 21. f5 Ne5 1/2-1/2

[Event "Thessaloniki ol (Men)"]
[Site "Thessaloniki GRE"]
[Date "1988.??.??"]
[Round "8"]
[White "Skembris, Spyridon"]
[Black "Fernandes, Antonio M"]
[Result "1-0"]
[WhiteElo "2425"]
[BlackElo "2400"]
[PlyCount "107"]
[EventDate "1988.11.??"]
[Source "www.chesslib.no"]
[SourceDate "2004.05.04"]

1. d4 Nf6 2. c4 e6 3. Nc3 Bb4 4. e3 O-O 5. Bd3 b6 6. Qf3 d5 7. Bd2 Ba6 8. Qe2 Bxc3 9. Bxc3 dxc4 10. Bxc4 Bxc4 11. Qxc4 Qd5 12. Qxd5 exd5 13. Nf3 Ne4 14. Rc1 a5 15. Ke2 c6 16. Rhd1 Ra7 17. Be1 f6 18. Rd3 Rc8 19. Nd2 Nxd2 20. Kxd2 f5 21. f3 Re7 22. Bg3 Nd7 23. Bf4 Re6 24. h4 Kf7 25. Ke2 h6 26. Kf2 c5 27. Rb3 Rec6 28. Rb5 cxd4 29. Rxc6 Rxc6 30. exd4 Rc2+ 31. Ke3 Rxg2 32. Rxd5 Ke6 33. Rd6+ Ke7 34. Be5 Rxb2 35. Kf4 Rxa2 36. Rg6 Nxe5 37. dxe5 Kf7 38. Kxf5 Ra3 39. f4 Ra4 40. h5 Rb4 41. Rd6 a4 42. Rd7+ Kg8 43. e6 Rb5+ 44. Kg6 Kf8 45. Rxg7 Rc5 46. Rb7 a3 47. Kf6 Rc8 48. Ra7 b5 49. Rxa3 b4 50. Ra6 Rb8 51. e7+ Kg8 52. Rd6 Kh7 53. Rd8 Rb6+ 54. Kf5 1-0

[Event "05.OIBayEM Bad Wiessee op"]
[Site "?"]
[Date "2001.10.30"]
[Round "4"]
[White "Babula Vlastimil"]
[Black "Vukovic Ivo"]
[Result "1/2-1/2"]
[WhiteElo "2565"]
[BlackElo "2260"]
[PlyCount "95"]
[EventDate "2001.??.??"]
[Source "www.chesslib.no"]
[SourceDate "2004.05.04"]

1. d4 Nf6 2. c4 e6 3. Nc3 Bb4 4. e3 O-O 5. Bd3 d6 6. Nge2 e5 7. O-O c6 8. a3 Ba5 9. Ng3 Re8 10. Qc2 Nbd7 11. Rd1 exd4 12. exd4 Nf8 13. h3 d5 14. Bg5 h6 15. Bxf6 Qxf6 16. cxd5 Bxc3 17. Qxc3 cxd5 18. Rac1 Bd7 19. Qb3 Bc6 20. Bb5 Rac8 21. Bxc6 bxc6 22. Qa4 Rc7 23. Rc3 Nd7 24. Qc2 Re6 25. Qd2 Nb6 26. b3 Nc8 27. Rdc1 Ne7 28. b4 Rd7 29. Rf3 Qg5 30. Nf1 Qxd2 31. Nxd2 f6 32. Kf1 Kf7 33. Nb3 Red6 34. Nc5 Rc7 35. h4 h5 36. Re1 g6 37. g3 Nf5 38. Nb3 Rb7 39. Rc3 Rb6 40. Re2 Ra6 41. Nc5 Rb6 42. Nb3 Ra6 43. Ra2 Rb6 44. Rd2 Re6 45. Nc5 Re7 46. Na4 Ra6 47. Nc5 Rb6 48. Na4 1/2-1/2

[Event "Elenite Open"]
[Site "Elenite"]
[Date "1993.??.??"]
[Round "4"]
[White "Semkov, Semko"]
[Black "Sidorov, Anatoly"]
[Result "0-1"]
[WhiteElo "2465"]
[BlackElo "2360"]
[PlyCount "100"]
[EventDate "1993.??.??"]
[Source "www.chesslib.no"]
[SourceDate "2004.05.04"]

1. d4 Nf6 2. c4 e6 3. Nc3 Bb4 4. e3 O-O 5. Bd3 Bxc3+ 6. bxc3 d6 7. Ne2 e5 8. e4 Re8 9. f3 c5 10. d5 Nbd7 11. O-O Nh5 12. g3 Nf8 13. Rf2 Ng6 14. Bd2 h6 15. Kh1 Rb8 16. Ng1 Nf6 17. Qf1 b6 18. Re1 Rb7 19. h3 Nh7 20. Kh2 Rbe7 21. Rfe2 Rf8 22. f4 f5 23. exf5 Bxf5 24. Bxf5 Rxf5 25. g4 Rf8 26. f5 Nh8 27. Qg2 Qd7 28. Nf3 Qa4 29. g5 hxg5 30. Nxg5 Rxf5 31. Ne4 Qd7 32. Rg1 Ref7 33. Re3 Nf6 34. Nxf6+ R7xf6 35. Be1 Rg6 36. Rg3 Rxg3 37. Qxg3 Rf4 38. Bd2 Rf5 39. Qh4 g6 40. Rg2 Rf3 41. Rg4 Qf5 42. Qd8+ Qf8 43. Qg5 Rf2+ 44. Kg3 Qf3+ 45. Kh4 Re2 46. Qd8+ Kh7 47. Qe7+ Qf7 48. Bg5 Qxe7 49. Bxe7 Nf7 50. Rg3 Nh6 0-1

[Event "Munich Open 9192"]
[Site "Munich GER"]
[Date "1992.??.??"]
[Round "6"]
[White "Martynov, Pavel"]
[Black "Pezerovic, Edin"]
[Result "0-1"]
[WhiteElo "2465"]
[BlackElo "2355"]
[PlyCount "90"]
[EventDate "1992.01.??"]
[Source "www.chesslib.no"]
[SourceDate "2004.05.04"]

1. d4 Nf6 2. c4 e6 3. Nc3 Bb4 4. e3 O-O 5. Bd3 d6 6. Nge2 e5 7. O-O Re8 8. Qc2 c6 9. a3 Ba5 10. b4 Bc7 11. Bb2 Nbd7 12. d5 Nf8 13. Rfd1 Bg4 14. Rd2 cxd5 15. cxd5 Bh5 16. a4 Rc8 17. Qb3 Bg6 18. e4 Ng4 19. h3 Qg5 20. Bc1 Nxf2 21. Kxf2 Bb6+ 22. Kf1 Qe3 23. Ke1 Qf2+ 24. Kd1 Qxg2 25. Kc2 Be3 26. Rd1 Bxe4 27. Bxe4 Qxe2+ 28. Kb1 Qf2 29. Bxe3 Qxe3 30. Rd3 Qf4 31. Bg2 f5 32. Ra2 e4 33. Rd1 Qg3 34. Rc2 f4 35. Rdc1 f3 36. Nxe4 Rxe4 37. Rxc8 Qxg2 38. R8c4 f2 39. Qd3 Re1 40. Rf4 Rxc1+ 41. Kxc1 Qg5 42. Qd2 Qg1+ 43. Qd1 Ng6 44. Rf5 Nh4 45. Rf4 Ng2 0-1

[Event "Bled opB"]
[Site "Bled"]
[Date "1998.07.19"]
[Round "4"]
[White "Januario, S."]
[Black "Stutzke, Christian"]
[Result "1/2-1/2"]
[WhiteElo "2375"]
[BlackElo "2440"]
[PlyCount "37"]
[EventDate "1998.03.21"]
[Source "www.chesslib.no"]
[SourceDate "2004.05.04"]

1. d4 Nf6 2. c4 e6 3. Nc3 Bb4 4. e3 O-O 5. Bd3 c5 6. Nge2 cxd4 7. exd4 d5 8. cxd5 Nxd5 9. O-O Re8 10. Nxd5 Qxd5 11. a3 Bf8 12. Be3 Nd7 13. Nc3 Qa5 14. Qc2 Nf6 15. Nb5 Bd7 16. b4 Qd8 17. Nc7 Rc8 18. Nxe8 Rxc2 19. Nxf6+ 1/2-1/2

[Event "Cannes Martinez Open"]
[Site "Cannes FRA"]
[Date "1992.??.??"]
[Round "?"]
[White "Panchenko, Alexandar G"]
[Black "Trabattoni, Franco"]
[Result "1-0"]
[WhiteElo "2470"]
[BlackElo "2340"]
[PlyCount "111"]
[EventDate "1992.07.??"]
[Source "www.chesslib.no"]
[SourceDate "2004.05.04"]

1. d4 Nf6 2. c4 e6 3. Nc3 Bb4 4. e3 c5 5. Bd3 O-O 6. Nge2 Nc6 7. O-O h6 8. Bc2 cxd4 9. exd4 d5 10. cxd5 exd5 11. Bf4 Bd6 12. a3 Re8 13. Qd3 g6 14. Qd2 Bxf4 15. Qxf4 Kg7 16. Ng3 Be6 17. Ba4 Qb8 18. Qxb8 Rexb8 19. Bxc6 bxc6 20. Na4 c5 21. Nxc5 Rxb2 22. Rfe1 Re8 23. Re2 Rxe2 24. Nxe2 Bg4 25. Nc3 Bf5 26. f3 g5 27. Kf2 Rb8 28. Re1 Bg6 29. Re2 Rb6 30. Ke1 h5 31. Kd1 h4 32. Kc1 Rb8 33. Re7 a5 34. Rb7 Re8 35. Kd2 Kh6 36. h3 Nh5 37. Nxd5 Rd8 38. Rd7 Rb8 39. Rb7 Rd8 40. Rd7 Rb8 41. Kc3 Rb1 42. Ne3 Nf4 43. Rb7 Re1 44. Ng4+ Kg7 45. Rb2 Rc1+ 46. Kb3 Rg1 47. Rd2 f6 48. Ka4 Rb1 49. Kxa5 Nd5 50. a4 Rb8 51. Na6 Rb1 52. Re2 Rb3 53. Nc7 Bd3 54. Re6 Nf4 55. Rxf6 Nxg2 56. Ne6+ 1-0

[Event "FSGM April"]
[Site "Budapest"]
[Date "2004.04.11"]
[Round "9"]
[White "Pataki, Gyozo"]
[Black "Nguyen, Ngoc Truongson"]
[Result "1/2-1/2"]
[WhiteElo "2374"]
[BlackElo "2436"]
[PlyCount "69"]
[EventDate "2004.04.03"]
[Source "Roberto Alvarez"]
[SourceDate "2004.04.19"]

1. d4 Nf6 2. c4 e6 3. Nc3 Bb4 4. e3 O-O 5. Bd3 c5 6. Nge2 b6 7. a3 Bxc3+ 8. Nxc3 cxd4 9. exd4 d5 10. Bg5 h6 11. Bh4 Nc6 12. cxd5 exd5 13. O-O Nxd4 14. Bxf6 Qxf6 15. Nxd5 Qe5 16. Re1 Qxd5 17. Be4 Qc4 18. Bxa8 Ba6 19. Bf3 Rd8 20. Kh1 Qc5 21. Qd2 Rf8 22. Rac1 Nxf3 23. gxf3 Qh5 24. Qf4 Bb7 25. Kg2 Qg6+ 26. Qg3 Qf6 27. Rc7 Bd5 28. b4 a6 29. Re3 b5 30. Qe5 Qg6+ 31. Qg3 Qf6 32. Rd3 Bc4 33. Re3 Bd5 34. Qe5 Qg6+ 35. Qg3 1/2-1/2

[Event "CERA Bank op"]
[Site "NED"]
[Date "1998.??.??"]
[Round "?"]
[White "Reinemer, Frank"]
[Black "Zelcic, Robert"]
[Result "0-1"]
[WhiteElo "2265"]
[BlackElo "2540"]
[PlyCount "98"]
[EventDate "1998.??.??"]
[Source "www.chesslib.no"]
[SourceDate "2004.05.04"]

1. d4 Nf6 2. c4 e6 3. Nc3 Bb4 4. e3 c5 5. Bd3 O-O 6. Nf3 cxd4 7. exd4 d5 8. a3 Bxc3+ 9. bxc3 dxc4 10. Bxc4 Qc7 11. Qd3 b6 12. O-O Nbd7 13. Bg5 Bb7 14. Rac1 Ng4 15. Bh4 Bxf3 16. Bg3 Nge5 17. dxe5 Bb7 18. Bb5 Nc5 19. Qd6 Rac8 20. f3 Nb3 21. Rc2 Qxd6 22. exd6 Nd4 23. d7 Nxc2 24. dxc8=R Rxc8 25. Bd3 Nxa3 26. Rc1 Bd5 27. Bd6 Nc4 28. Bxc4 Rxc4 29. Kf2 f6 30. Ke3 Kf7 31. Kd2 Ra4 32. Rc2 e5 33. Bc7 Ke7 34. Ke3 Kd7 35. Bb8 a5 36. g3 g5 37. Rb2 Kc6 38. Ba7 b5 39. Rf2 Kb7 40. Bc5 Rc4 41. Be7 Rxc3+ 42. Kd2 Rc6 43. f4 exf4 44. gxf4 g4 45. Re2 h5 46. Bd8 a4 47. Re7+ Kc8 48. Ba5 a3 49. Re8+ Kb7 0-1

[Event "Szekszard Open"]
[Site "Szekszard"]
[Date "1995.??.??"]
[Round "?"]
[White "Taborov, Boris"]
[Black "Borocz, Istvan"]
[Result "1-0"]
[WhiteElo "2385"]
[BlackElo "2415"]
[PlyCount "77"]
[EventDate "1995.??.??"]
[Source "www.chesslib.no"]
[SourceDate "2004.05.04"]

1. d4 Nf6 2. c4 e6 3. Nc3 Bb4 4. e3 c5 5. Bd3 O-O 6. Nge2 b6 7. O-O Bb7 8. d5 Bxc3 9. Nxc3 d6 10. Bc2 exd5 11. cxd5 a6 12. e4 b5 13. Bg5 Nbd7 14. Qd2 h6 15. Bf4 Ne5 16. h3 Re8 17. Rae1 Bc8 18. b3 Bd7 19. Ne2 b4 20. Ng3 Bb5 21. Bxe5 dxe5 22. Bd3 Qa5 23. Nf5 Rad8 24. a4 Bd7 25. Nd6 Qb6 26. Nxe8 Nxe8 27. Qe3 Nd6 28. Rc1 Rc8 29. Kh1 f6 30. Rc2 g5 31. Qe2 Ra8 32. Rfc1 Nb7 33. d6 Qxd6 34. Bc4+ Be6 35. Rd2 Qe7 36. Rcd1 Na5 37. Rd7 Bxc4 38. bxc4 Qe6 39. Qh5 1-0

[Event "Neu Isenburg Open"]
[Site "Neu Isenburg"]
[Date "1992.04.25"]
[Round "4"]
[White "Levitt, Jonathan"]
[Black "Steinbacher, Matthias"]
[Result "0-1"]
[WhiteElo "2465"]
[BlackElo "2335"]
[PlyCount "74"]
[EventDate "1992.04.24"]
[Source "www.chesslib.no"]
[SourceDate "2004.05.04"]

1. d4 Nf6 2. c4 e6 3. Nc3 Bb4 4. e3 O-O 5. Bd3 Re8 6. Nf3 Nc6 7. Nd2 d5 8. a3 Bf8 9. f4 b6 10. O-O Bb7 11. Qc2 Ne7 12. cxd5 Nexd5 13. Nf3 c5 14. e4 Nxc3 15. bxc3 c4 16. Bxc4 Bxe4 17. Qe2 Qc8 18. Bb2 a6 19. a4 Qb7 20. Ne5 g6 21. Rae1 Bg7 22. g4 Bd5 23. Bd3 b5 24. Ba3 Bb3 25. h3 Nd5 26. Qd2 f5 27. axb5 axb5 28. Qb2 Rec8 29. Bc5 Nxf4 30. Rxf4 Ra2 31. Be4 Qxe4 32. Rfxe4 Rxb2 33. gxf5 exf5 34. R4e2 Rxe2 35. Rxe2 Ra8 36. Nc6 Ra1+ 37. Kf2 Ra2 0-1

[Event "Bucharest"]
[Site "Bucharest ROM"]
[Date "1971.06.18"]
[Round "7"]
[White "Ungureanu, Emil"]
[Black "Sydor, Andrzej"]
[Result "1/2-1/2"]
[WhiteElo "2400"]
[BlackElo "2400"]
[PlyCount "48"]
[EventDate "1971.06.??"]
[Source "www.chesslib.no"]
[SourceDate "2004.05.04"]

1. d4 Nf6 2. c4 e6 3. Nc3 Bb4 4. e3 O-O 5. Bd3 Nc6 6. Nge2 e5 7. O-O exd4 8. exd4 d5 9. c5 b6 10. Na4 bxc5 11. dxc5 Qe7 12. Qc2 Ne5 13. Bg5 Nxd3 14. Qxd3 Bd7 15. Nec3 Bxa4 16. Nxa4 c6 17. Qd4 Ba5 18. b4 Bd8 19. Nc3 Qd7 20. Rfe1 a5 21. a3 axb4 22. axb4 Rxa1 23. Rxa1 Re8 24. h3 Ne4 1/2-1/2

[Event "Wch U26"]
[Site "Odessa UKR"]
[Date "1990.??.??"]
[Round "5"]
[White "Bernal Moro, Luis J"]
[Black "Atlas, Valeri"]
[Result "1/2-1/2"]
[WhiteElo "2380"]
[BlackElo "2420"]
[PlyCount "41"]
[EventDate "1990.??.??"]
[Source "www.chesslib.no"]
[SourceDate "2004.05.04"]

1. d4 Nf6 2. c4 e6 3. Nc3 Bb4 4. e3 O-O 5. Bd3 c5 6. Nge2 cxd4 7. exd4 d5 8. cxd5 Nxd5 9. Bc2 Re8 10. Qd3 g6 11. O-O Bf8 12. Qf3 Nc6 13. Rd1 Qf6 14. Qg3 Nxc3 15. bxc3 e5 16. Bg5 Qd6 17. Qf3 exd4 18. cxd4 Bg7 19. Bb3 Be6 20. Rac1 Bxb3 21. axb3 1/2-1/2

[Event "Ostrava op-A"]
[Site "?"]
[Date "2002.05.23"]
[Round "7"]
[White "Kharitonov Alexandr"]
[Black "Klima Lukas"]
[Result "1-0"]
[WhiteElo "2438"]
[BlackElo "2357"]
[PlyCount "111"]
[EventDate "2002.??.??"]
[Source "www.chesslib.no"]
[SourceDate "2004.05.04"]

1. d4 Nf6 2. c4 e6 3. Nc3 Bb4 4. e3 O-O 5. Bd3 d6 6. Nge2 c5 7. O-O Nc6 8. Bd2 Re8 9. a3 Ba5 10. Qc2 h6 11. Rad1 cxd4 12. exd4 d5 13. c5 e5 14. dxe5 Nxe5 15. Bb5 Nc6 16. Bf4 Bg4 17. f3 Be6 18. b4 Bc7 19. Bc4 Ne5 20. Bb3 a5 21. Bg3 axb4 22. axb4 Nc6 23. Bxc7 Qxc7 24. Nb5 Qe5 25. Qd2 b6 26. Nd6 Rf8 27. f4 Qh5 28. f5 bxc5 29. Nf4 Qg5 30. fxe6 fxe6 31. Nxe6 Qxd2 32. Rxd2 c4 33. Bd1 Nxb4 34. Nd4 Rfd8 35. N6b5 Ne4 36. Re2 Ra1 37. Bc2 Nxc2 38. Rxc2 Rxf1+ 39. Kxf1 Rf8+ 40. Ke1 Nc5 41. Re2 Nd3+ 42. Kd2 Ra8 43. g3 Nc5 44. Nc3 Ra3 45. Re3 Nb3+ 46. Nxb3 Rxb3 47. Ne2 d4 48. Re4 d3 49. Nc3 Rb2+ 50. Ke3 Rxh2 51. Rxc4 d2 52. Rd4 h5 53. Ne4 g5 54. Rxd2 Rh3 55. Rd5 g4 56. Rxh5 1-0

[Event "Vrnjacka Banja"]
[Site "Vrnjacka Banja"]
[Date "1989.??.??"]
[Round "?"]
[White "Vuruna, Miodrag"]
[Black "Raicevic, Vladimir"]
[Result "0-1"]
[WhiteElo "2310"]
[BlackElo "2480"]
[PlyCount "96"]
[EventDate "1989.04.??"]
[Source "ChessBase"]

1. d4 Nf6 2. c4 e6 3. Nc3 Bb4 4. e3 O-O 5. Bd3 Bxc3+ 6. bxc3 d6 7. e4 e5 8. Ne2 Re8 9. f3 h6 10. O-O Nc6 11. Rb1 b6 12. Be3 Ne7 13. Qd2 Ng6 14. Bc2 Ba6 15. Ba4 Rf8 16. Bc6 Rb8 17. Bb5 Bxb5 18. cxb5 a6 19. a4 axb5 20. axb5 Ra8 21. Ra1 Qd7 22. Qb2 Rfe8 23. d5 Nh5 24. g3 f5 25. Rxa8 Rxa8 26. exf5 Qxf5 27. Qb1 Qxb1 28. Rxb1 Ra2 29. Kf1 Ra4 30. Rd1 Nf6 31. f4 Ng4 32. Bg1 exf4 33. Nd4 fxg3 34. hxg3 Ra2 35. Ne6 Ra7 36. Rd4 Nf6 37. c4 Nf8 38. Nd8 Ra2 39. Be3 g5 40. Ke1 N8d7 41. Ne6 Ne5 42. Nxc7 Nf3+ 43. Kd1 Nxd4 44. Bxd4 Nd7 45. Ne8 h5 46. Nxd6 h4 47. gxh4 gxh4 48. Ne4 h3 0-1

[Event "Landesliga Sued9900"]
[Site "Bayern"]
[Date "2000.??.??"]
[Round "?"]
[White "Schneider, Attila"]
[Black "Hecht, Hans Joachim"]
[Result "1/2-1/2"]
[WhiteElo "2374"]
[BlackElo "2413"]
[PlyCount "112"]
[EventDate "1999.??.??"]
[Source "www.chesslib.no"]
[SourceDate "2004.05.04"]

1. d4 Nf6 2. c4 e6 3. Nc3 Bb4 4. e3 O-O 5. Bd3 c5 6. Nge2 Nc6 7. a3 cxd4 8. exd4 Be7 9. O-O d5 10. cxd5 exd5 11. Bc2 Bd6 12. h3 h6 13. Bb3 Be6 14. Nf4 Bxf4 15. Bxf4 Qb6 16. Be5 Nd7 17. Nxd5 Bxd5 18. Bxd5 Ndxe5 19. dxe5 Rad8 20. Qb3 Qxb3 21. Bxb3 Nxe5 22. Rfe1 Nc6 23. Rad1 Rxd1 24. Rxd1 Rd8 25. Rxd8+ Nxd8 26. Kf1 Kf8 27. Ke2 Ke7 28. Ke3 Ne6 29. Bd5 b6 30. g3 Kd6 31. Ba2 f6 32. h4 Nc7 33. Ke4 a5 34. g4 Na6 35. Bc4 Nc5+ 36. Kf5 Ke7 37. Kg6 Kf8 38. f4 Na4 39. b3 Nc5 40. a4 Nb7 41. g5 hxg5 42. fxg5 fxg5 43. hxg5 Nd6 44. Bd5 b5 45. axb5 Nxb5 46. Kf5 Ke7 47. Ke5 Nc7 48. Bc4 Kd7 49. Bd3 Ke7 50. Bf5 Nb5 51. Be4 Nc7 52. Bf5 Nb5 53. Bg4 Nc7 54. Bf3 Ne6 55. g6 Nc5 56. Bd1 a4 1/2-1/2

[Event "Frydek-Mistek Open"]
[Site "Frydek Mistek CZE"]
[Date "1994.??.??"]
[Round "?"]
[White "Stocek, Jiri"]
[Black "Chernyshov, Konstantin"]
[Result "1/2-1/2"]
[WhiteElo "2305"]
[BlackElo "2480"]
[PlyCount "81"]
[EventDate "1994.??.??"]
[Source "www.chesslib.no"]
[SourceDate "2004.05.04"]

1. d4 Nf6 2. c4 e6 3. Nc3 Bb4 4. e3 O-O 5. Bd3 b6 6. Nf3 Bb7 7. O-O Bxc3 8. bxc3 Ne4 9. Nd2 Nxd2 10. Bxd2 f5 11. f3 Nc6 12. Qc2 Na5 13. c5 bxc5 14. Qa4 c4 15. Bxc4 c5 16. Bb5 Bc6 17. c4 a6 18. Bxc6 Nxc6 19. d5 exd5 20. cxd5 Ne5 21. Bc3 Qe7 22. e4 fxe4 23. Rae1 Ng6 24. fxe4 d6 25. Rxf8+ Rxf8 26. Qxa6 Nf4 27. Bd2 Qe5 28. Qc4 Qb2 29. Bxf4 Rxf4 30. Rf1 Rg4 31. g3 h5 32. Qd3 h4 33. Qf3 Qd4+ 34. Rf2 Rg6 35. Qf7+ Kh7 36. Qf5 Qd1+ 37. Kg2 hxg3 38. hxg3 Qe1 39. Qh3+ Rh6 40. Qf5+ Kh8 41. Qf8+ 1/2-1/2

[Event "Oakham"]
[Site "Oakham"]
[Date "1992.??.??"]
[Round "1"]
[White "Gokhale, Jayant Suresh"]
[Black "Aleksandrov, Aleksej"]
[Result "0-1"]
[WhiteElo "2325"]
[BlackElo "2460"]
[PlyCount "64"]
[EventDate "1992.03.??"]
[Source "ChessBase"]

1. d4 Nf6 2. c4 e6 3. Nc3 Bb4 4. e3 O-O 5. Bd3 c5 6. Nge2 cxd4 7. exd4 d5 8. cxd5 Nxd5 9. O-O Re8 10. a3 Bf8 11. Nxd5 Qxd5 12. Nc3 Qd8 13. Bf4 a6 14. Rc1 Bd6 15. Bxd6 Qxd6 16. Ne4 Qd8 17. Rxc8 Qxc8 18. Nd6 Qd7 19. Nxe8 Qxe8 20. Qc2 g6 21. Qc7 Nc6 22. Qxb7 Nxd4 23. Qb6 e5 24. b4 Qc8 25. Qf6 a5 26. b5 Qc5 27. a4 Re8 28. Be4 Qc4 29. Bc6 Re6 30. Qd8+ Kg7 31. Bd5 Ne2+ 32. Kh1 Qd3 0-1

[Event "Terrassa op"]
[Site "?"]
[Date "1996.??.??"]
[Round "8"]
[White "Gual Pascual Antonio"]
[Black "Gonzalez Rodriguez Jorge Arma"]
[Result "0-1"]
[WhiteElo "2430"]
[BlackElo "2350"]
[PlyCount "112"]
[EventDate "1996.??.??"]
[Source "www.chesslib.no"]
[SourceDate "2004.05.04"]

1. d4 Nf6 2. c4 e6 3. Nc3 Bb4 4. e3 O-O 5. Bd3 c5 6. Nf3 Bxc3+ 7. bxc3 d6 8. O-O Nc6 9. d5 Na5 10. e4 e5 11. Ne1 Nd7 12. Nc2 Nb6 13. Ne3 Bd7 14. Rb1 Rb8 15. Qe2 Qe7 16. Bd2 f6 17. g3 Kh8 18. Kh1 g6 19. f3 Rbe8 20. Nc2 Nc8 21. Na3 b6 22. Rbe1 Qg7 23. Bc2 Ne7 24. Qd1 Ng8 25. Ba4 Bxa4 26. Qxa4 f5 27. exf5 gxf5 28. Qc2 Qg6 29. Rf2 Nf6 30. Ref1 h5 31. Bc1 Kh7 32. Qe2 Re7 33. Nc2 Rg7 34. Ne3 Ne8 35. Qc2 f4 36. gxf4 exf4 37. Qxg6+ Rxg6 38. Ng2 Rgf6 39. Re2 Nxc4 40. Nxf4 Ng7 41. Rg1 Ne5 42. Rxg7+ Kxg7 43. Nxh5+ Kg6 44. Nxf6 Rxf6 45. f4 Nd3 46. Bd2 Nxf4 47. Bxf4 Rxf4 48. Re6+ Kf5 49. Rxd6 Ra4 50. Rd7 Rxa2 51. h4 Kg4 52. Kg1 Kxh4 53. Kf1 Kg5 54. Ke1 Kf6 55. Kd1 Kf5 56. d6 Ke6 0-1

[Event "RUS-Cup2"]
[Site "Moscow"]
[Date "1996.??.??"]
[Round "2"]
[White "Iskusnyh, Sergei"]
[Black "Abashev, Denis"]
[Result "1-0"]
[WhiteElo "2460"]
[BlackElo "2320"]
[PlyCount "53"]
[EventDate "1996.11.28"]
[Source "www.chesslib.no"]
[SourceDate "2004.05.04"]

1. d4 Nf6 2. c4 e6 3. Nc3 Bb4 4. e3 c5 5. Bd3 O-O 6. Nge2 cxd4 7. exd4 d5 8. cxd5 exd5 9. O-O h6 10. Bc2 Nc6 11. Qd3 Bd6 12. a3 Ne7 13. Ng3 Re8 14. Bd2 Ng6 15. Rfe1 Be6 16. Nf5 Bf8 17. Qf3 a6 18. g3 Rc8 19. h4 Ne4 20. Bxe4 dxe4 21. Rxe4 Qd7 22. Rae1 Bd5 23. Nxd5 Qxd5 24. h5 Ne7 25. Nh4 Qd7 26. Bc3 Red8 27. Ba5 1-0

[Event "Budapest FS06 GM"]
[Site "Budapest"]
[Date "1996.??.??"]
[Round "7"]
[White "Appleberry, Martin"]
[Black "Nisipeanu, Liviu Dieter"]
[Result "0-1"]
[WhiteElo "2265"]
[BlackElo "2515"]
[PlyCount "110"]
[EventDate "1996.06.??"]
[Source "ChessBase"]

1. d4 Nf6 2. c4 e6 3. Nc3 Bb4 4. e3 O-O 5. Bd3 c5 6. d5 Bxc3+ 7. bxc3 d6 8. Ne2 Nbd7 9. Ng3 Qa5 10. Bb2 Nb6 11. e4 Na4 12. Qc2 e5 13. O-O Bd7 14. Rab1 Nxb2 15. Rxb2 Rab8 16. Rfb1 b6 17. Qc1 Rfe8 18. h3 Qa3 19. Qd2 Re7 20. Rb3 Qa6 21. Kh2 h6 22. Ra1 Qc8 23. Ra3 Qc7 24. Rb1 Kh7 25. f4 exf4 26. e5+ Kg8 27. exf6 fxg3+ 28. Kxg3 Re5 29. Kh2 Rbe8 30. Rf1 Re3 31. fxg7 Bc8 32. Rf3 Qe7 33. Qxe3 Qxe3 34. Rxe3 Rxe3 35. Rxa7 Bxh3 36. Bf1 Bf5 37. Kg1 Kxg7 38. Ra3 Re1 39. Kf2 Rb1 40. Be2 Kf6 41. Ke3 Rb2 42. g3 Ke5 43. Ra7 Rc2 44. Ra3 Bg6 45. Rb3 h5 46. Rxb6 h4 47. g4 Rxc3+ 48. Kf2 Ra3 49. Rb8 Rxa2 50. Ke3 Ra3+ 51. Kf2 Kf4 52. Rb6 Ra2 53. Rb3 f5 54. Rf3+ Kg5 55. gxf5 Rxe2+ 0-1

[Event "It (a)"]
[Site "?"]
[Date "2002.??.??"]
[Round "7"]
[White "Ovod Evgenija"]
[Black "Novichkov Valery"]
[Result "1-0"]
[WhiteElo "2355"]
[BlackElo "2420"]
[PlyCount "75"]
[EventDate "2002.??.??"]
[Source "www.chesslib.no"]
[SourceDate "2004.05.04"]

1. d4 Nf6 2. c4 e6 3. Nc3 Bb4 4. e3 O-O 5. Bd3 d6 6. Nge2 c5 7. O-O Nc6 8. Bc2 Qe7 9. a3 Ba5 10. Qd3 g6 11. f4 Re8 12. Kh1 Bb6 13. Bd2 e5 14. fxe5 dxe5 15. dxc5 Bxc5 16. Nd5 Nxd5 17. cxd5 e4 18. Qb3 Ne5 19. Bxe4 Ng4 20. Bf3 Bxe3 21. d6 Be6 22. Qxe3 Nxe3 23. dxe7 Nxf1 24. Rxf1 Rxe7 25. Nf4 Bb3 26. Bc3 Rd7 27. Re1 h5 28. h4 Rc8 29. Kh2 Kh7 30. Re5 a6 31. Nxh5 Rd6 32. Ng3 Bc2 33. Bxb7 Rc7 34. Be4 f6 35. Re8 Ba4 36. Rb8 Bc6 37. h5 f5 38. Rh8# 1-0

[Event "Oslo"]
[Site "Oslo"]
[Date "1999.??.??"]
[Round "1"]
[White "Elsness, Frode"]
[Black "Kristensen, Bjarke"]
[Result "1-0"]
[WhiteElo "2349"]
[BlackElo "2425"]
[PlyCount "99"]
[EventDate "1999.??.??"]
[Source "www.chesslib.no"]
[SourceDate "2004.05.04"]

1. d4 Nf6 2. c4 e6 3. Nc3 Bb4 4. e3 O-O 5. Bd3 d6 6. Nge2 e5 7. O-O Nc6 8. a3 Bxc3 9. Nxc3 h6 10. d5 Ne7 11. Qc2 c6 12. dxc6 bxc6 13. b4 a5 14. Bb2 Be6 15. Rfd1 Qb8 16. b5 Rc8 17. Qd2 d5 18. cxd5 cxd5 19. a4 Nd7 20. Ba3 Nc5 21. Bxc5 Rxc5 22. Rdc1 Nc8 23. Ne2 Rxc1+ 24. Nxc1 Nb6 25. Nb3 d4 26. Nxa5 dxe3 27. fxe3 e4 28. Bf1 Qe5 29. Rc1 Nxa4 30. Nc6 Qf6 31. Qd4 Qxd4 32. Nxd4 Bd5 33. Bc4 Nb6 34. Bxd5 Nxd5 35. Nc6 Ra2 36. Rb1 Nb6 37. Rb4 Ra4 38. Rxa4 Nxa4 39. Kf2 Nb6 40. Ne7+ Kf8 41. Nf5 g6 42. Nxh6 Kg7 43. Ng4 f5 44. Ne5 Kf6 45. Nc6 Ke6 46. h4 Kd6 47. Nd4 Ke5 48. Ne2 Nd5 49. Nf4 Ne7 50. Kg3 1-0